00638nam a2200205Ia 450000500170000000800410001702000140005804000190007204100120009108200190010310000300012224500820015225000210023426000450025530000180030044000430031865000340036170000270039585000100042220221214121301.0131103s9999 xx 000 0 und d a340088753 aLoreto College aEnglish a811.3bWHI-BLO aWhitman,Walt, 1819 - 1892 aLeaves of grasscWalt Whitman;edited by Harold W.Blodgett and Sculley Bradley aReader's Edition aLondonbUniversity Of London Pressc1965 aIviii,768 p.  aThe Collected writings of Walt Whitman aAmerican Poetry - Collections aBlodgett,Harold W.,ed. aLCLIB